00382pab a2200145 454500008004000000100001800040245004700058260000900105300001300114362001100127650003200138650001000170700002200180773003400202180718b2010 xxu||||| |||| 00| 0 eng d aBhatia, Navin aFinancial inclusion in the slums of Mumbai c2010 ap.23-26. a16 Oct aSlums - India - Maharashtra aSlums aChatterjee, Arnav aEconomic and Political Weekly